Gran diccionario de autores latinoamericanos de literatura infantil y juvenil / (Registro nro. 14234)

Detalles MARC
000 -LIDER
fixed length control field 01536nam a22003257a 4500
001 - NÚMERO DE CONTROL
Identificador de número de control
003 - IDENTIFICACDOR DE NÚMERO DE CONTROL
control field DO-SdBNP
005 - DATE AND TIME OF LATEST TRANSACTION
control field 20220819111117.0
007 - CAMPOS FIJOS DE DESCRIPCIÓN FÍSICA
fixed length control field
008 - ELEMENTOS DE LONGITUD FIJA
fixed length control field 161018b 2010 sp |||| 00| 0 spa d
020 ## - ISBN
International Standard Book Number 9789587053364
040 ## - FUENTE DE CATALOGACIÓN
Agencia que crea de manera original el registro BPMSU
Idioma de catalogación spa
Agencia que realiza la transcripción BPMSU
082 ## - NÚMERO DE CLASIFICACIÓN DECIMAL DE DEWEY
Classification number R928.03
Item number G748d
Edition number 22
245 00 - MENCIÓN DE TITULO
Título Gran diccionario de autores latinoamericanos de literatura infantil y juvenil /
Subtítulo
Mención de responsabilidad Jaime García Padrino, coord ; proyecto editorial y dirección José Luis Cortés Salinas ;redacción Manuel Peña Muñoz...[et.al.]
260 ## - PUBLICACIÓN, DISTRIBUCIÓN, ETC. (PIE DE IMPRENTA)
Lugar de publicación, distribución, etc Madrid :
Nombre del editor, distribuidor, etc. Fundación SM,
Fecha de publicación, distribución, etc 2010
300 ## - DESCRIPCIÓN FÍSICA
Extensión 959 p. ;
Otros detalles físicos 27 cm.
500 ## - NOTA GENERAL
Nota general Incluye índice.
520 ## - RESUMEN, ETC.
Fuente Este diccionario presenta, el "quién es quién" en la literatura infantil y juvenil de Latinoamérica, pasando por todos y cada uno de los países de habla hispana y portuguesa, desde los orígenes de la LIJ hasta nuestros días. De cada autor se recoge la biografía, un análisis de las principales obras y noticia del resto, y un juicio crítico.
590 ## - NOTA LOCAL
Enlace Inventariado, 2022/VM
650 ## - ENCABEZAMIENTO DE MATERIA--TEMÁTICO
Término temático o nombre geográfico como elemento de entrada Literatos
Subdivisión de forma Biografias
-- Diccionarios
650 #4 - ENCABEZAMIENTO DE MATERIA--TEMÁTICO
Término temático o nombre geográfico como elemento de entrada Autores
Subdivisión de forma Biografías
-- Diccionarios
650 #4 - ENCABEZAMIENTO DE MATERIA--TEMÁTICO
Término temático o nombre geográfico como elemento de entrada Autores latinoamericanos
Subdivisión de forma Diccionarios
-- Biografías.
650 #4 - ENCABEZAMIENTO DE MATERIA--TEMÁTICO
Término temático o nombre geográfico como elemento de entrada Literatura infantil latinoamericana
Subdivisión temática general Historia y critica
Subdivisión de forma Diccionarios.
700 1# - ASIENTO SECUNDARIO -- NOMBRE PERSONAL
Nombre personal García Padrino, Jaime,
Mención de responsabilidad coord.
700 1# - ASIENTO SECUNDARIO -- NOMBRE PERSONAL
Nombre personal Cortés Salinas, José Luis
Mención de responsabilidad ed.
700 1# - ASIENTO SECUNDARIO -- NOMBRE PERSONAL
Nombre personal Peña Muñoz, Manuel
Mención de responsabilidad redacción
710 2# - ASIENTO SECUNDARIO -- NOMBRE CORPORATIVO
Nombre corporativo o de jurisdicción Fundación SM
910 ## - VALIDACIÓN
Validación VMateo V.
942 ## - ADDED ENTRY ELEMENTS (KOHA)
Source of classification or shelving scheme Dewey Decimal Classification
Koha item type Libros
Existencias
Withdrawn status Lost status Source of classification or shelving scheme Damaged status Not for loan Collection code Home library Current library Date acquired Source of acquisition Full call number Barcode Date last seen Price effective from Koha item type Copy number
    Dewey Decimal Classification     Colección de Referencia General Biblioteca Pública Metropolitana Salomé Ureña Biblioteca Pública Metropolitana Salomé Ureña 08/19/2022 SM BPMSU CDR R928.03 G748d 2010 BPMSU22080001 08/19/2022 08/19/2022 Libros  
    Dewey Decimal Classification     Colección de Referencia General Biblioteca Pública Metropolitana Salomé Ureña Biblioteca Pública Metropolitana Salomé Ureña 08/19/2022 SM BPMSU CDR R928.03 G748d BPMSU22080002 08/19/2022 08/19/2022 Libros e.2